000 00499pab a2200145 454500
008 180718b xxu||||| |||| 00| 0 eng d
100 _aSoundarapandian M.
245 _aProblems of implementation of NREP in Kamarajar district of Tamil Nadu
362 _a11(6), Nov 92, p.827-38
650 _a National Rural Employment Programme
650 _a Rural Employment -- India -- Tamil Nadu
650 _aEmployment, Rural -- India -- Tamil Nadu
773 _aJournal of Rural Development
909 _a24838
999 _c24838
_d24838